Killer Windows Utilities (Record no. 10869)
[ view plain ]
| 000 -LEADER | |
|---|---|
| fixed length control field | 00485 a2200157 4500 |
| 020 ## - INTERNATIONAL STANDARD BOOK NUMBER | |
| International Standard Book Number | 0880229322 |
| 082 ## - DEWEY DECIMAL CLASSIFICATION NUMBER | |
| Classification number | 005.43 |
| 090 ## - LOCALLY ASSIGNED LC-TYPE CALL NUMBER (OCLC); LOCAL CALL NUMBER (RLIN) | |
| -- | 7061 |
| -- | 7061 |
| 100 ## - MAIN ENTRY--PERSONAL NAME | |
| Personal name | Bonne, Mike La |
| 245 ## - TITLE STATEMENT | |
| Title | Killer Windows Utilities |
| Statement of responsibility, etc. | Bonne, Mike La |
| 260 ## - PUBLICATION, DISTRIBUTION, ETC. | |
| Place of publication, distribution, etc. | USA |
| Name of publisher, distributor, etc. | Que Publishing |
| Date of publication, distribution, etc. | 1993 |
| 300 ## - PHYSICAL DESCRIPTION | |
| Extent | xxxiv, 1340 p. |
| Other physical details | ;ill. |
| Dimensions | 25 cm. |
| 500 ## - GENERAL NOTE | |
| General note | Includes bibliograhical references and index |
| 650 ## - SUBJECT ADDED ENTRY--TOPICAL TERM | |
| Topical term or geographic name entry element | 1. Microsoft Windows (Computer file). 2. Operating systems (Computer) |
| 942 ## - ADDED ENTRY ELEMENTS (KOHA) | |
| Koha item type | Book |
| Call number prefix | 005.43 BON |
| Withdrawn status | Lost status | Damaged status | Not for loan | Permanent Location | Current Location | Shelving location | Total Checkouts | Full call number | Barcode | Date last seen | Price effective from | Koha item type |
|---|---|---|---|---|---|---|---|---|---|---|---|---|
| Central Library (CL) | Central Library (CL) | First Floor - Operating System/ Data Structure | 005.43 BON | SEECSD00511 | 11/14/2012 | 11/14/2012 | Book |
